| 000 | 00862nam0a22002411 4500 | ||
|---|---|---|---|
| 001 | rc\2720364 | ||
| 005 | 20250529130049.0 | ||
| 035 | _a(NLR Aleph) 006848083 | ||
| 090 |
_a6716772 _c6716772 |
||
| 100 | _a20110915d1938 |||y0rusy50 ca | ||
| 101 | 0 | _arus | |
| 102 | _aRU | ||
| 105 | _ac z |||a| | ||
| 200 | 1 |
_aИзбранное. (1913-1937) _e[Стихи] |
|
| 210 |
_aЛенинград _cГослитиздат _d1938 _gТип. "Ленингр. правда" |
||
| 215 |
_a216 с., 1 вкл. л. портр. _d20 см. |
||
| 700 | 1 |
_7ca _8rus _aСадофьев _bИ. И. _cучастник революц. движения, поэт, переводчик _f1889-1965 _gИлья Иванович _9176938 _3RU\NLR\AUTH\770176989 |
|
| 801 | 0 |
_aRU _bNLR _gpsbo |
|
| 801 | 1 |
_aRU _bELAR _2rusmarc |
|
| 852 |
_aNLR _j38-3/936 |
||
| 942 | _cBOOK | ||
| 980 | _aNB | ||